Normal view
MARC view
Entry Topical Term
001 - CONTROL NUMBER
- control field: 24658
003 - CONTROL NUMBER IDENTIFIER
- control field: dpl
005 - DATE AND TIME OF LATEST TRANSACTION
- control field: 20101207155324.0
008 - FIXED-LENGTH DATA ELEMENTS
- fixed length control field: 101207|||a|||||| | ||| d
040 ## - CATALOGING SOURCE
- Original cataloging agency: dpl
- Transcribing agency: dpl
150 ## - HEADING--TOPICAL TERM
- Topical term or geographic name as entry element: ग्रंथालय
670 ## - SOURCE DATA FOUND
- Source citation: Work cat.: (dpl)18134: भामरे, जितेन्द्र सुरेश 24657, ग्रंथकल्याणी /, 2008
670 ## - SOURCE DATA FOUND
- Source citation: Work cat.: (dpl)18134: भामरे, जितेन्द्र सुरेश 24657, ग्रंथकल्याणी /, 2008
